000 00370 a2200145 4500
005 20250623154732.0
020 _a0 582 42433 X
082 _aLM 621.75 TIM
100 _aTIMINGS, R. L.
245 _aWorkshop Progresses and Materials
250 _a7th Ed.
260 _aLondon,
_bLongman,
_c1978.
300 _a376p.: ill.; figure, table
_bIndex
_c21cm.
942 _2ddc
_cBKS
999 _c2933
_d2933